Third Most Spoken Language in every Canadian Province - Statistics

General Stats
  • This quiz has been taken 53 times
  • The average score is 7 of 13
Answer Stats
Province/Territory Language % Correct
Québec Spanish
94%
Ontario Chinese
79%
British Columbia Chinese
79%
Prince Edward Island Chinese
79%
Nova Scotia Arabic
71%
New Brunswick Arabic
71%
Manitoba Tagalog
44%
Saskatchewan Tagalog
44%
Alberta Tagalog
44%
Yukon Tagalog
44%
Nunavut Inuit
42%
Newfoundland and Labrador Algonquian
4%
Northwest Territories Athabaskan
4%
No matching quizzes found
Score Distribution
Percent of People with Each Score
Percentile by Number Answered
Your Score History
You have not taken this quiz